Jüngste Torschützen nach Land (Fußball-EM) - Statistiken

Allgemein
  • Dieses Quiz wurde 77 mal gespielt
    52 seit der letzten Aktualisierung
  • Das Durchschnittsergebnis liegt bei 27 aus 39
Antwortstatistiken
Spieler Alter EM Gegner Land % Korrekt
Wayne Rooney 18 Jahre 237 Tage 2004 Schweiz England
100%
Florian Wirtz 21 Jahre 42 Tage 2024 Schottland Deutschland
98%
Arda Güler 19 Jahre 114 Tage 2024 Georgien Türkei
98%
Patrick Kluivert 19 Jahre 353 Tage 1996 England Niederlande
96%
Lamine Yamal 16 Jahre 362 Tage 2024 Deutschland Spanien
96%
Nikolaos Anastopoulos 22 Jahre 144 Tage 1980 Tschechoslowakei Griechenland
93%
Christoph Baumgartner 21 Jahre 324 Tage 2020 Ukraine Österreich
93%
Renato Sanches 18 Jahre 317 Tage 2016 Polen Portugal
93%
Mikkel Damsgaard 20 Jahre 353 Tage 2020 Russland Dänemark
91%
Chwitscha Kwarazchelia 23 Jahre 135 Tage 2024 Portugal Georgien
89%
Arkadiusz Milik 22 Jahre 105 Tage 2016 Nordirland Polen
87%
Ondrej Duda 21 Jahre 189 Tage 2016 Wales Slowakei
87%
Aaron Ramsey 25 Jahre 177 Tage 2016 Russland Wales
84%
Callum McGregor 27 Jahre 8 Tage 2020 Kroatien Schottland
80%
Luka Jović 27 Jahre 180 Tage 2024 Slowenien Serbien
80%
Artem Dowbyk 24 Jahre 8 Tage 2020 Schweden Ukraine
80%
Arnór Ingvi Traustason 23 Jahre 53 Tage 2016 Österreich Island
73%
Bradley Barcola 21 Jahre 307 Tage 2024 Portugal Frankreich
71%
Ferenc Bene 19 Jahre 183 Tage 1964 Spanien Ungarn
71%
Pietro Anastasi 20 Jahre 64 Tage 1968 Jugoslawien Italien
69%
Nikola Vlašić 23 Jahre 261 Tage 2020 Schottland Kroatien
69%
Alan Dsagojew 21 Jahre 357 Tage 2012 Tschechien Russland
69%
Joel Pohjanpalo 26 Jahre 272 Tage 2020 Dänemark Finnland
67%
Cristian Chivu 19 Jahre 238 Tage 2000 England Rumänien
67%
Robert Brady 24 Jahre 160 Tage 2016 Italien Irland
64%
Niall McGinn 28 Jahre 332 Tage 2016 Ukraine Nordirland
64%
Milan Baroš 22 Jahre 231 Tage 2004 Lettland Tschechien
60%
Tomas Brolin 22 Jahre 198 Tage 1992 Dänemark Schweden
58%
Steffen Iversen 23 Jahre 216 Tage 2000 Spanien Norwegen
56%
Emile Mpenza 21 Jahre 342 Tage 2000 Schweden Belgien
53%
Dragan Stojković 19 Jahre 108 Tage 1984 Frankreich Jugoslawien
51%
Johan Vonlanthen 18 Jahre 141 Tage 2004 Frankreich Schweiz
42%
Martin Petrow 25 Jahre 159 Tage 2004 Italien Bulgarien
40%
Māris Verpakovskis 24 Jahre 244 Tage 2004 Tschechien Lettland
38%
Anatolij Konkow 22 Jahre 269 Tage 1972 Ungarn Sowjetunion
38%
Ezgjan Alioski 29 Jahre 125 Tage 2020 Ukraine Nordmazedonien
31%
Zdeněk Nehoda 24 Jahre 38 Tage 1976 Niederlande Tschechoslowakei
31%
Armando Sadiku 25 Jahre 23 Tage 2016 Rumänien Albanien
29%
Miran Pavlin 28 Jahre 248 Tage 2000 Jugoslawien Slowenien
24%
Keine übereinstimmenden Quizze gefunden
Verteilung der Resultate
Anzahl Personen mit jedem Resultat
Perzentil nach korrekt beantworteten Fragen
Ihre Resultats-Entwicklung
Sie haben dieses Quiz seit der letzten Aktualisierung nicht gespielt